| 000 | 00722cab a2200241 4500 | ||
|---|---|---|---|
| 001 | ABS49083 | ||
| 008 | 090401t1993 xxu||||| |||| 00| 0 eng d | ||
| 035 | _a(Sirsi) u69853 | ||
| 041 | _aeng | ||
| 100 | _aHowarth, W. | ||
| 245 | _aAgricultural water abstraction and the law: part II | ||
| 260 | _c1993 | ||
| 350 | _a0 | ||
| 490 |
_aAgricultural Law Association Quarterly Bulletin _v(9) June 1993, 3-6(4) |
||
| 520 | _aDescribes the licencing system for water abstraction established under the Water Resources Act 1991. | ||
| 650 | _aABSTRACTION LICENCES | ||
| 650 | _aCHARGES | ||
| 650 | _aWATER ABSTRACTION | ||
| 650 | _aWATER RESOURCES ACT 1991 | ||
| 690 | _aWATER | ||
| 942 | _n0 | ||
| 948 | _c04/03/1997 | ||
| 999 |
_c43919 _d43919 |
||